| 000 | 00444nam a2200157 a 4500 | ||
|---|---|---|---|
| 005 | 20260322212049.0 | ||
| 008 | data | ||
| 010 | _a66-16171 | ||
| 096 | _aWM 49 Et76 1966 | ||
| 100 | 1 | _aEttleson, Abraham | |
| 245 | 1 | 0 |
_aLewis Carrol's "Through a looking glass"/ _cAbraham Ettleson. |
| 260 |
_aNew York _bPhilosopsophical Library _cc1966 |
||
| 300 | _a84 p. | ||
| 650 | 4 | _aDodgson, Charles Lawidge, 1832-1898. Through the looking glass. | |
| 001 | data | ||
| 999 |
_c1163 _d1163 |
||